000 00219 a2200097 4500
001 19557
100 _aBhutto Z A
245 _aMarching to wards democracy (Vol-III)
260 _a
_bFerozsons
_c
090 _c14280
_d14280
942 _aNUST-CAE
_cM
_c4759
999 _c254630
_d254630